| 000 | 00461nam a22001817a 4500 | ||
|---|---|---|---|
| 003 | CEME | ||
| 005 | 20210628205754.0 | ||
| 008 | 210316b xxu||||| |||| 00| 0 eng d | ||
| 020 | _a969-480-004-8 | ||
| 040 | _c. | ||
| 082 | _a891.4393 BUT | ||
| 100 |
_aDr. Muhammad Yunus Butt Butt, Muhammad Yunus _976983 |
||
| 245 | _aAfra tafree | ||
| 260 |
_aLAHORE _bGORA PUBLISHER _c1998 |
||
| 300 | _a210P | ||
| 650 |
_aURDU ADAB-FICTIONS _965572 |
||
| 942 |
_cBK _2ddc |
||
| 999 |
_c582295 _d582295 |
||